| 000 | 00482nam a2200169Ia 4500 | ||
|---|---|---|---|
| 003 | GCL | ||
| 008 | 140319s9999 xx 000 0 ara d | ||
| 040 |
_aGCL / _cGCL |
||
| 082 | 0 | 4 |
_a371.3 _bا ا |
| 100 | 1 | _aاحمد حسين اللقانى | |
| 245 | 1 | 0 |
_aاتجاهات فى تدريس التاريخ / _cاحمد حسين اللقانى |
| 300 | _a182 ص | ||
| 490 | _a | ||
| 650 | 0 | 4 | _aالتدريس |
| 650 | 0 | 4 | _aالتاريخ - تعليم وتدريس |
| 942 |
_2ddc _cBK |
||
| 999 |
_c37725 _d37725 |
||